ბათუმის შოთა რუსთაველის სახელმწიფო უნივერსიტეტის ბიბლიოთეკა

ქართული სამართლის ისტორიის წყაროები / (ბიბ.ჩანაწერი № 50973)

000 -ლიდერი
ფიქსირებული სიგრძის საკონტროლო ველი 01034nam a2200229Ia 4500
001 - საკონტროლო ნომერი
საკონტროლო ველი 17930
003 - საკონტროლო ნომრის იდენტიფიკატორი
საკონტროლო ველი GE_BSU
005 - ბოლო ოპერაციის თარიღი და დრო
საკონტროლო ველი 20200228152511.0
008 - ფიქსირებული სიგრძის მონაცემთა ელემენტები - ზოგადი ინფორმაცია
ფიქსირებული სიგრძის საკონტროლო ველი 181216s2000 xx |||||||||||||| ||geo||
040 ## - კატალოგიზაციის წყარო
Transcribing agency GE_BSU
041 ## - ენის კოდი
Language code of text/sound track or separate title geo
080 ## - უნივერსალური ათობითი კლასიფიკაციის ინდექსი
Universal Decimal Classification number 34(479.22)(093) ს-96
100 ## - მთავარი ჩანაწერი - პიროვნების სახელი
Personal name სურგულაძე, ივანე.
9 (RLIN) 7642
245 ## - ცნობა სათაურის შესახებ
Title ქართული სამართლის ისტორიის წყაროები /
Statement of responsibility, etc ივანე სურგულაძე, ; რედ. ვ. მეტრეველი ; ნ. სურგულაძე.
264 ## - წარმოების, გამოცემის, დისტრიბუციის და სხვა ცნობები
გამოცემის, წარმოების, დისტრიბუციის... ადგილი თბილისი,
გამოცემის, წარმოების, დისტრიბუციის... თარიღი 2000.
300 ## - ფიზიკური აღწერა
Extent 260 გვ.:
Other physical details 1 ფ. სურ.
Dimensions 20 სმ.
653 ## - INDEX TERM--UNCONTROLLED
Uncontrolled term სამართალი
653 ## - INDEX TERM--UNCONTROLLED
Uncontrolled term ქართული სამართლის ისტორიის წყაროები
700 ## - ADDED ENTRY--PERSONAL NAME
Personal name მეტრეველი, ვ
Relator term რედაქტორი
9 (RLIN) 843
700 ## - ADDED ENTRY--PERSONAL NAME
Personal name სურგულაძე, ნ
Relator term რედაქტორი
9 (RLIN) 7643
942 ## - ADDED ENTRY ELEMENTS (KOHA)
Koha item type წიგნი
Source of classification or shelving scheme
ეგზემპლარები
ჩამოწერის სტატუსი დაკარგული ეგზემპლარის სტატუსი კლასიფიკაციის წყარო ან თაროზე გაწყობის სქემა დაზიანების სტატუსი არ გაიცემა მუდმივი მდებარეობა (დაცვის ადგილი) ამჟამინდელი ადგილსამყოფელი თაროზე განთავსების ადგილი შეძენის თარიღი სრული შენახვის შიფრი შტრიხკოდი ბოლო ოპერაციის თარიღი ეგზემპლარის მიმდევრობითი ნომერი (კეტერი?) ფასის ძალაში შესვლის თარიღი ეგზემპლარის სახეობა
          ბათუმის შოთა რუსთაველის სახელმწიფო უნივერსიტეტის მთავარი ბიბლიოთეკა ბათუმის შოთა რუსთაველის სახელმწიფო უნივერსიტეტის მთავარი ბიბლიოთეკა წიგნსაცავი 2018-12-17 34(479.22)(093) ს-96 45872 2018-12-17 45872 2018-12-17 წიგნი